000
00334nam a22001337a 4500
041
_a
ENG
100
_a
Nair.K
245
_a
A Dictionary Of Active Fiuency Combinations
250
_a
Second Ed
260
_a
Delhi
_b
Adult Faculties Council
_c
1998
300
_a
128
650
_a
Competitive Exam
856
_u
Competitive Exam ( 36 )
999
_c
934
_d
934